[Event "14th ECh U20 Girls"]
[Site "Tallinn EST"]
[Date "1997.09.18"]
[Round "9"]
[White "Andreescu, Nicoleta Aurora"]
[Black "Miloradovic, Jelena"]
[Result "0-1"]
[WhiteElo "2120"]
[BlackElo "2105"]
[EventDate "1997.09.10"]
[PlyCount "82"]

1.f4 d5 2.Nf3 Nf6 3.g3 b6 4.d3 Bb7 5.e3 g6 6.Bg2 Bg7 7.O-O O-O 8.Qe2 Nbd7 
9.Nbd2 Re8 10.Ne5 Nxe5 11.fxe5 Nd7 12.d4 f6 13.Qg4 e6 14.exf6 Nxf6 15.Qg5 
Nd7 16.Qxd8 Raxd8 17.Nf3 e5 18.dxe5 Nxe5 19.Nxe5 Rxe5 20.Bd2 Bh6 21.Rfe1 
Rde8 22.Kf2 Bc8 23.h3 Bf5 24.c3 c5 25.Rad1 Bd3 26.Bc1 c4 27.Bd2 b5 28.a3 
a5 29.Ra1 Rb8 30.Bc1 Kf8 31.Bd2 Ke7 32.Bc1 Kd6 33.Bd2 Rf8+ 34.Kg1 Ref5 35.
Bc1 Rf2 36.e4 Bxc1 37.Raxc1 dxe4 38.Bxe4 Rxb2 39.Bxd3 cxd3 40.Re3 d2 41.
Rd1 Kc5 0-1

[Event "14th ECh U20 Girls"]
[Site "Tallinn EST"]
[Date "1997.09.18"]
[Round "9"]
[White "Pallova, Romana"]
[Black "Vark, Liina"]
[Result "1-0"]
[WhiteElo "2105"]
[BlackElo "2040"]
[EventDate "1997.09.10"]
[PlyCount "99"]

1.e4 e5 2.Nf3 Nc6 3.Bb5 a6 4.Ba4 Nf6 5.O-O Be7 6.Re1 b5 7.Bb3 d6 8.c3 O-O 
9.h3 Na5 10.Bc2 c5 11.d4 Qc7 12.Nbd2 Bd7 13.Nf1 Rac8 14.d5 c4 15.g4 h5 16.
N3h2 Rfe8 17.Ng3 hxg4 18.hxg4 Nh7 19.Nf5 Bg5 20.Nf3 Bxc1 21.Qxc1 g6 22.Qh6
gxf5 23.exf5 f6 24.g5 fxg5 25.Qg6+ Kh8 26.f6 Bf5 27.Bxf5 Rg8 28.Qh6 Rcf8 
29.Be6 Rxf6 30.Qh5 Rgg6 31.Kg2 Rh6 32.Qe8+ Rf8 33.Qd7 Qxd7 34.Bxd7 Rhf6 
35.Re3 e4 36.Nd4 Rxf2+ 37.Kg3 Rxb2 38.Rh1 Rf7 39.Be6 Ra7 40.Nf5 Nb7 41.
Rxe4 Nc5 42.Re3 Ra8 43.Nxd6 Nxe6 44.dxe6 Kg7 45.e7 Nf6 46.e8=Q Nxe8 47.
Nxe8+ Kf7 48.Rf1+ Kg8 49.Re7 Rd8 50.Rg7+ 1-0

[Event "14th ECh U20 Girls"]
[Site "Tallinn EST"]
[Date "1997.09.19"]
[Round "10"]
[White "Bobrowska, Monika"]
[Black "Lomineishvili, Maia"]
[Result "1-0"]
[WhiteElo "2360"]
[BlackElo "2350"]
[EventDate "1997.09.10"]
[PlyCount "99"]

1.d4 Nf6 2.Nf3 d5 3.e3 Bg4 4.c4 c6 5.Qb3 Qb6 6.Nc3 Nbd7 7.Qxb6 Nxb6 8.cxd5
Nbxd5 9.Bd3 Bxf3 10.gxf3 e6 11.Ke2 Bd6 12.a3 e5 13.Nxd5 Nxd5 14.dxe5 Bxe5 
15.f4 Bc7 16.b3 O-O-O 17.Bb2 f6 18.Rad1 Kb8 19.Kf3 Rd7 20.h4 Ba5 21.Be4 h6
22.Rhg1 Re8 23.Bg6 Rf8 24.b4 Bc7 25.Bd4 f5 26.Bh5 Nf6 27.Bxf6 Rxd1 28.Rxd1
Rxf6 29.Rg1 a5 30.Rxg7 axb4 31.axb4 Bd6 32.b5 c5 33.Rg6 Be7 34.Rxf6 Bxf6 
35.Bg6 Bxh4 36.Bxf5 c4 37.e4 Kc7 38.e5 Kb6 39.Be4 c3 40.f5 h5 41.Bd3 Kc5 
42.Ke4 Bd8 43.f4 h4 44.f6 h3 45.Kf3 Kd4 46.Bc2 h2 47.Kg2 Ke3 48.f7 Be7 49.
f5 Kf4 50.f6 1-0

[Event "14th ECh U20 Girls"]
[Site "Tallinn EST"]
[Date "1997.09.19"]
[Round "10"]
[White "Trofimova, Olga"]
[Black "Tkeshelashvili, Sopio"]
[Result "1/2-1/2"]
[WhiteElo "2335"]
[BlackElo "2270"]
[EventDate "1997.09.10"]
[PlyCount "60"]

1.c4 e5 2.Nc3 Nc6 3.g3 g6 4.Bg2 Bg7 5.Rb1 a5 6.a3 Nf6 7.b4 axb4 8.axb4 O-O
9.Nf3 d6 10.O-O Bf5 11.d3 Qd7 12.b5 Nd4 13.Ng5 h6 14.Nge4 Nxe4 15.Nxe4 h5 
16.e3 Ne6 17.h3 Nc5 18.Nxc5 dxc5 19.Bxb7 Ra7 20.Bd5 Bxh3 21.Re1 h4 22.e4 
hxg3 23.fxg3 Be6 24.Be3 Ra2 25.Qb3 Ra5 26.Bxc5 Bxd5 27.Bxf8 Qh3 28.d4 Bxc4
29.Qxc4 Qxg3+ 30.Kf1 Qf3+ 1/2-1/2

[Event "14th ECh U20 Girls"]
[Site "Tallinn EST"]
[Date "1997.09.19"]
[Round "10"]
[White "Mashinskaya, Yulia"]
[Black "Zielinska, Marta"]
[Result "1/2-1/2"]
[WhiteElo "2265"]
[BlackElo "2335"]
[EventDate "1997.09.10"]
[PlyCount "72"]

1.d4 d5 2.Nf3 Nf6 3.e3 Bg4 4.Bd3 e6 5.Nbd2 c5 6.c3 Nc6 7.Qa4 cxd4 8.exd4 
Bd6 9.Ne5 Qb6 10.O-O O-O 11.Nxg4 Nxg4 12.Nf3 Rac8 13.Qd1 Nf6 14.Re1 Qc7 
15.Bg5 Bf4 16.Bxf6 gxf6 17.g3 Bd6 18.Qd2 Kg7 19.Kh1 Rh8 20.Nh4 Rcg8 21.Re2
Ne7 22.f4 f5 23.Rc1 Qc6 24.Nf3 Ng6 25.Qe3 b5 26.Rg1 Kf8 27.Ree1 a6 28.Qe2 
Qc7 29.a4 bxa4 30.Bxa6 a3 31.bxa3 Qxc3 32.Rc1 Qxa3 33.Ra1 Qc3 34.Rgc1 Qb4 
35.Rcb1 Qc3 36.Rc1 Qb4 1/2-1/2

[Event "14th ECh U20 Girls"]
[Site "Tallinn EST"]
[Date "1997.09.19"]
[Round "10"]
[White "Kononenko, Tatiana"]
[Black "Cmilyte, Viktorija"]
[Result "1-0"]
[WhiteElo "2275"]
[BlackElo "2220"]
[EventDate "1997.09.10"]
[PlyCount "85"]

1.c4 e5 2.g3 Nc6 3.Bg2 g6 4.Nc3 Bg7 5.Rb1 a5 6.a3 Nf6 7.b4 axb4 8.axb4 O-O
9.b5 Ne7 10.Qb3 d6 11.d3 Nd7 12.Ba3 Rb8 13.Nf3 Kh8 14.O-O f5 15.e3 Nc5 16.
Bxc5 dxc5 17.b6 cxb6 18.Na4 Bd7 19.Nxb6 Bc6 20.Rfd1 Qc7 21.Qa3 Bxf3 22.
Bxf3 f4 23.Bg2 f3 24.Bf1 Rf6 25.Na4 Rc6 26.Rb5 b6 27.Rdb1 g5 28.Nxc5 Rxc5 
29.Qxc5 bxc5 30.Rxb8+ Ng8 31.Re8 g4 32.Rbb8 h5 33.Rxg8+ Kh7 34.Rgc8 Qe7 
35.Rb6 Qa7 36.Rbc6 Qa1 37.R8c7 Kh8 38.Rg6 Bf8 39.Rg5 Qa6 40.Rxh5+ Bh6 41.
Rxe5 Qg6 42.Rc8+ Kg7 43.Re7+ 1-0

[Event "14th ECh U20 Girls"]
[Site "Tallinn EST"]
[Date "1997.09.19"]
[Round "10"]
[White "Ilchuk, Elena"]
[Black "Radziewicz, Iweta"]
[Result "0-1"]
[WhiteElo "2180"]
[BlackElo "2220"]
[EventDate "1997.09.10"]
[PlyCount "120"]

1.e4 e6 2.d4 d5 3.Nd2 Nf6 4.e5 Nfd7 5.f4 c5 6.c3 Nc6 7.Ndf3 Be7 8.Bd3 cxd4
9.cxd4 f5 10.Ne2 Nb6 11.h3 a5 12.g4 a4 13.Kf1 O-O 14.Kg2 Nb4 15.Bb1 Nc4 
16.a3 Nc6 17.gxf5 exf5 18.Bc2 b5 19.Kh2 Be6 20.Rg1 Qe8 21.Ng5 Bd8 22.Nc3 
Rb8 23.Rb1 h6 24.Nf3 Be7 25.Qe2 N6a5 26.Be3 Qf7 27.Rg2 Kh8 28.Bf2 Nb3 29.
Bxb3 axb3 30.Bh4 b4 31.Bxe7 Qxe7 32.axb4 Rxb4 33.Rbg1 Rb7 34.Qe1 Rg8 35.
Nh4 g5 36.Nf3 g4 37.Nh4 Ne3 38.Qxe3 Qxh4 39.Qg3 Qxg3+ 40.Rxg3 h5 41.Na4 
Rb4 42.Nc5 Bf7 43.Rd3 Ra8 44.Kg3 Ra2 45.Rg2 Ra1 46.e6 Be8 47.hxg4 hxg4 48.
Nxb3 Re1 49.Nc5 Kg7 50.b3 Bb5 51.Kf2 Rh1 52.Rd2 Rf1+ 53.Kg3 Rf3+ 54.Kh2 
Kf6 55.Ra2 Rxd4 56.Rgd2 Rdxf4 57.Ra7 g3+ 58.Kg1 Rf1+ 59.Kg2 R1f2+ 60.Rxf2 
gxf2 0-1

[Event "14th ECh U20 Girls"]
[Site "Tallinn EST"]
[Date "1997.09.19"]
[Round "10"]
[White "Jap Tjoen San, Linda"]
[Black "Werner, Isabel"]
[Result "0-1"]
[WhiteElo "2175"]
[BlackElo "2220"]
[EventDate "1997.09.10"]
[PlyCount "88"]

1.e4 c5 2.Nf3 d6 3.d4 cxd4 4.Nxd4 Nf6 5.Nc3 g6 6.Be2 Bg7 7.O-O O-O 8.Bg5 
Nc6 9.Nb3 a6 10.f4 b5 11.Bf3 Bd7 12.Nd5 Nxd5 13.exd5 Na5 14.c3 Nc4 15.Qe2 
Re8 16.Bh4 Rc8 17.Bf2 b4 18.Bd4 bxc3 19.Bxg7 Kxg7 20.bxc3 Qb6+ 21.Nd4 Na3 
22.Rac1 Nb5 23.Qf2 Qc5 24.Nc6 Qxf2+ 25.Rxf2 Bxc6 26.dxc6 e6 27.Rb2 d5 28.
a4 Na7 29.Rb6 Rxc6 30.Rxc6 Nxc6 31.Be2 a5 32.Rb1 Rb8 33.Rb5 Rxb5 34.axb5 
Nb8 35.Kf2 Kf6 36.Ke3 Ke7 37.g4 f6 38.h4 Nd7 39.g5 e5 40.fxe5 fxe5 41.h5 
Kd6 42.hxg6 hxg6 43.Bd3 e4 44.Be2 Ke5 0-1

[Event "14th ECh U20 Girls"]
[Site "Tallinn EST"]
[Date "1997.09.19"]
[Round "10"]
[White "Martyniuk, Tatiana"]
[Black "Savitskaya, Ekaterina"]
[Result "1-0"]
[WhiteElo "2120"]
[BlackElo "2260"]
[EventDate "1997.09.10"]
[PlyCount "73"]

1.e4 c5 2.Nf3 Nc6 3.g3 e6 4.d3 d5 5.Nbd2 Bd6 6.Bg2 Nge7 7.O-O O-O 8.Re1 f6
9.c3 d4 10.c4 e5 11.Nf1 Be6 12.h3 a6 13.Nh4 b5 14.b3 Qc7 15.g4 b4 16.Ng3 
a5 17.Nhf5 g6 18.Nh6+ Kh8 19.h4 a4 20.bxa4 Qa5 21.g5 Qxa4 22.Qe2 Ng8 23.
Nxg8 Kxg8 24.gxf6 Rxf6 25.f4 Bf8 26.f5 Bc8 27.Bg5 Rf7 28.fxg6 hxg6 29.h5 
gxh5 30.Nxh5 Bg7 31.Rf1 Qa7 32.Nf6+ Kf8 33.Qh5 Be6 34.Qg6 Bxf6 35.Bxf6 Ke8
36.Bg5 Rb8 37.Qxe6+ 1-0

[Event "14th ECh U20 Girls"]
[Site "Tallinn EST"]
[Date "1997.09.19"]
[Round "10"]
[White "Miloradovic, Jelena"]
[Black "Javakhishvili, Eka"]
[Result "0-1"]
[WhiteElo "2105"]
[BlackElo "2105"]
[EventDate "1997.09.10"]
[PlyCount "90"]

1.c4 e5 2.Nc3 Nc6 3.g3 g6 4.Bg2 Bg7 5.e3 Nf6 6.Nge2 O-O 7.O-O d6 8.Rb1 a5 
9.b3 Bf5 10.e4 Bg4 11.h3 Be6 12.Nd5 Ne8 13.f4 f5 14.fxe5 dxe5 15.d3 Nb4 
16.a3 Nxd5 17.cxd5 Bd7 18.Be3 Nd6 19.Qd2 c6 20.Nc3 Rf7 21.Kh2 cxd5 22.Nxd5
Bc6 23.Bb6 Qd7 24.Bxa5 Bxd5 25.exd5 Bh6 26.Qxh6 Rxa5 27.a4 e4 28.dxe4 Nxe4
29.Bxe4 fxe4 30.Rxf7 Qxf7 31.Qf4 Qxf4 32.gxf4 Rxd5 33.Re1 Rd4 34.Kg2 Kf7 
35.Kf2 Ke6 36.Rc1 Rd3 37.Rc4 e3+ 38.Ke2 Rxb3 39.Re4+ Kf5 40.Rxe3 Rb4 41.
Re7 Re4+ 42.Rxe4 Kxe4 43.Kf2 Kxf4 44.Ke2 b6 45.Kf2 h5 0-1

[Event "14th ECh U20 Girls"]
[Site "Tallinn EST"]
[Date "1997.09.19"]
[Round "10"]
[White "Lang, Heather"]
[Black "Dubinskaya, Mariana"]
[Result "0-1"]
[WhiteElo "2060"]
[BlackElo "2100"]
[EventDate "1997.09.10"]
[PlyCount "128"]

1.e4 e6 2.d4 b6 3.Nf3 Bb7 4.Nc3 Bb4 5.Bd3 Nf6 6.Bg5 h6 7.Bxf6 Qxf6 8.O-O 
d6 9.Nb5 Qe7 10.a3 a6 11.Nxc7+ Qxc7 12.axb4 Nd7 13.Nd2 O-O 14.f4 e5 15.Nf3
exd4 16.Nxd4 Nf6 17.Re1 Rfe8 18.Qf3 b5 19.Nf5 Bc8 20.Ng3 Qb6+ 21.Qf2 Qd8 
22.h3 Be6 23.Qd4 Qc7 24.Ra3 Bc4 25.Rea1 Rec8 26.Rxa6 Rxa6 27.Rxa6 Bxd3 28.
cxd3 Qc1+ 29.Kh2 Qxf4 30.Qxd6 Qh4 31.Ra1 Rc2 32.Rf1 Ng4+ 33.Kh1 Ne3 34.Nf5
Nxf5 35.exf5 Qg5 36.Qd5 Rxb2 37.Qe4 Qd2 38.f6 Qxb4 39.Qe8+ Qf8 40.Qe5 Rb4 
41.Rf3 g6 42.d4 Qd8 43.Rd3 Rb1+ 44.Kh2 Rf1 45.Rf3 Rxf3 46.gxf3 b4 47.Qb5 
Qxf6 48.Qxb4 Qxf3 49.Qd6 Qf2+ 50.Kh1 Kg7 51.d5 g5 52.Qd7 h5 53.d6 Qf3+ 54.
Kg1 h4 55.Qe7 Qg3+ 56.Kf1 Qxh3+ 57.Ke2 Qg4+ 58.Ke3 Qf4+ 59.Ke2 Qf6 60.Qc7 
Qe5+ 61.Kd3 h3 62.Qe7 Qd5+ 63.Ke2 h2 64.d7 h1=Q 0-1

[Event "14th ECh U20 Girls"]
[Site "Tallinn EST"]
[Date "1997.09.19"]
[Round "10"]
[White "Ciganikova, Andrea"]
[Black "Sorli, Maja"]
[Result "1-0"]
[WhiteElo "2140"]
[BlackElo "2005"]
[EventDate "1997.09.10"]
[PlyCount "81"]

1.e4 e6 2.d4 d5 3.Nd2 dxe4 4.Nxe4 Bd7 5.Nf3 Bc6 6.Bd3 Nd7 7.O-O Ngf6 8.Ng3
Be7 9.Qe2 O-O 10.c4 Bxf3 11.Qxf3 e5 12.d5 Re8 13.Bd2 a5 14.Bc3 g6 15.Rfe1 
Bd6 16.a3 a4 17.Bc2 Nb6 18.Bd3 Nfd7 19.Qg4 Nf6 20.Qg5 Nfd7 21.Qd2 Nc5 22.
Rad1 Nxd3 23.Qxd3 f5 24.c5 Bxc5 25.Bxe5 Qh4 26.Bxc7 f4 27.Ne4 Rxe4 28.Rxe4
Qxf2+ 29.Kh1 Qxb2 30.Qe2 Qxa3 31.Re8+ Rxe8 32.Qxe8+ Kg7 33.Rf1 Qd3 34.Qd7+
Kh6 35.Bxf4+ Kh5 36.Qxh7+ Kg4 37.h3+ Kf5 38.Qf7+ Ke4 39.Qxg6+ Kd4 40.Be5+ 
Kc4 41.Rf4+ 1-0

[Event "14th ECh U20 Girls"]
[Site "Tallinn EST"]
[Date "1997.09.20"]
[Round "11"]
[White "Bobrowska, Monika"]
[Black "Trofimova, Olga"]
[Result "1-0"]
[WhiteElo "2360"]
[BlackElo "2335"]
[EventDate "1997.09.10"]
[PlyCount "91"]

1.d4 d5 2.Nf3 e6 3.c4 Nf6 4.Bg5 h6 5.Bxf6 Qxf6 6.Qc2 Bb4+ 7.Nbd2 O-O 8.e3 
Nc6 9.a3 Bd6 10.Bd3 a5 11.h4 Re8 12.c5 Be7 13.Bb5 Bd7 14.Bxc6 Bxc6 15.g4 
Bb5 16.a4 Ba6 17.Ne5 b6 18.Ndf3 bxc5 19.Ng5 g6 20.Ngxf7 Qg7 21.h5 g5 22.
Qg6 Qxg6 23.hxg6 cxd4 24.exd4 Bf6 25.Nxh6+ Kg7 26.Nhf7 Bxe5 27.Nxe5 Rh8 
28.Kd2 c5 29.dxc5 Kf6 30.Rxh8 Rxh8 31.Re1 Bc8 32.c6 Rh2 33.Nd7+ Kxg6 34.
Nb6 Rxf2+ 35.Re2 Rf8 36.Nxc8 Rxc8 37.Rxe6+ Kf7 38.Rd6 d4 39.Kd3 Ke7 40.Rh6
Rf8 41.Kxd4 Rf4+ 42.Kc5 Rxa4 43.Rh8 Ra1 44.c7 Rc1+ 45.Kb6 Kd7 46.Rd8+ 1-0

[Event "14th ECh U20 Girls"]
[Site "Tallinn EST"]
[Date "1997.09.20"]
[Round "11"]
[White "Werner, Isabel"]
[Black "Mashinskaya, Yulia"]
[Result "1/2-1/2"]
[WhiteElo "2220"]
[BlackElo "2265"]
[EventDate "1997.09.10"]
[PlyCount "86"]

1.e4 c5 2.c3 d5 3.exd5 Qxd5 4.d4 Nc6 5.Nf3 e5 6.Nxe5 Nxe5 7.dxe5 Qxe5+ 8.
Qe2 Qxe2+ 9.Bxe2 Bd7 10.Bf3 O-O-O 11.O-O h6 12.Nd2 g5 13.g3 Ne7 14.Re1 Nc6
15.Bg2 Kc7 16.Nf3 Bd6 17.h4 f6 18.Be3 b6 19.Rad1 Rhe8 20.Bc1 Bg4 21.hxg5 
Ne5 22.Re3 hxg5 23.Rf1 Nxf3+ 24.Bxf3 Rxe3 25.fxe3 Be6 26.Be2 Rf8 27.e4 
Bxa2 28.Kg2 Bb3 29.Be3 a5 30.Bb5 Bc2 31.Kf3 g4+ 32.Kxg4 Bxe4 33.Bf4 Rg8+ 
34.Kh4 Rh8+ 35.Kg4 f5+ 36.Kg5 Rg8+ 37.Kf6 Rd8 38.Rf2 Kb7 39.Rh2 Bxf4 40.
gxf4 Rd6+ 41.Ke5 Rd8 42.Rh7+ Kc8 43.Re7 Rd2 1/2-1/2

[Event "14th ECh U20 Girls"]
[Site "Tallinn EST"]
[Date "1997.09.20"]
[Round "11"]
[White "Savitskaya, Ekaterina"]
[Black "Andreescu, Nicoleta Aurora"]
[Result "1/2-1/2"]
[WhiteElo "2260"]
[BlackElo "2120"]
[EventDate "1997.09.10"]
[PlyCount "87"]

1.d4 Nf6 2.c4 g6 3.Nc3 d5 4.cxd5 Nxd5 5.g3 Bg7 6.Bg2 Nb6 7.e4 Bxd4 8.Qc2 
Nc6 9.a3 Ne5 10.Nb5 c6 11.Nxd4 Qxd4 12.Be3 Qc4 13.O-O-O Qxc2+ 14.Kxc2 Ng4 
15.Bd4 e5 16.Bxb6 axb6 17.Rd2 f6 18.h3 Nh6 19.Ne2 Be6 20.Nc3 Ke7 21.Rhd1 
Rhd8 22.Bf1 Nf7 23.Rxd8 Rxd8 24.Rxd8 Kxd8 25.h4 Kc7 26.Nd1 Nd6 27.f3 b5 
28.Kc3 c5 29.Ne3 Kc6 30.b4 Ne8 31.Nd1 Nc7 32.Nf2 Bd7 33.Nd3 b6 34.Be2 Ne6 
35.Bd1 Nd4 36.Nf2 Kd6 37.Nd3 Bh3 38.Ne1 Bf1 39.Kd2 Bc4 40.Nc2 Be6 41.Ne3 
f5 42.g4 f4 43.Nc2 Bc4 44.Ne1 1/2-1/2

[Event "14th ECh U20 Girls"]
[Site "Tallinn EST"]
[Date "1997.09.20"]
[Round "11"]
[White "Cmilyte, Viktorija"]
[Black "Ciganikova, Andrea"]
[Result "0-1"]
[WhiteElo "2220"]
[BlackElo "2140"]
[EventDate "1997.09.10"]
[PlyCount "82"]

1.d4 Nf6 2.Nf3 g6 3.c4 c5 4.d5 b5 5.a4 bxc4 6.Nc3 Bg7 7.e4 d6 8.Bxc4 Nbd7 
9.O-O O-O 10.a5 Ng4 11.Be2 Rb8 12.Nb5 Ra8 13.Nd2 Ngf6 14.Kh1 Ne8 15.Nc4 
Ba6 16.Nc3 Nc7 17.Bg5 Ne5 18.Nxe5 Bxe5 19.f4 Bg7 20.Bxa6 Nxa6 21.Rf3 h6 
22.Bh4 Nb4 23.Qd2 Qd7 24.Re1 c4 25.Rb1 Rab8 26.Rff1 Rfc8 27.e5 Nd3 28.exd6
Qxd6 29.f5 g5 30.Bg3 Be5 31.Bxe5 Qxe5 32.h3 Rb3 33.Rf3 Rcb8 34.Re3 Qf4 35.
Nd1 Nf2+ 36.Nxf2 Qxe3 37.Qc2 c3 38.Ng4 Qd2 39.Qe4 c2 40.Rg1 c1=Q 41.Qxe7 
Rxh3+ 0-1

[Event "14th ECh U20 Girls"]
[Site "Tallinn EST"]
[Date "1997.09.20"]
[Round "11"]
[White "Dubinskaya, Mariana"]
[Black "Ilchuk, Elena"]
[Result "1/2-1/2"]
[WhiteElo "2100"]
[BlackElo "2180"]
[EventDate "1997.09.10"]
[PlyCount "105"]

1.d4 d5 2.Bg5 c6 3.Nf3 h6 4.Bh4 Bf5 5.e3 Nf6 6.Bd3 Bxd3 7.cxd3 Nbd7 8.Nc3 
e6 9.Bg3 Be7 10.h3 O-O 11.O-O a6 12.Rc1 Rc8 13.Na4 b6 14.e4 dxe4 15.Ne5 
Nxe5 16.dxe5 Nd7 17.d4 b5 18.Nc3 Nb6 19.Nxe4 Qd5 20.Nc3 Qd7 21.Qg4 Rfd8 
22.Rfd1 Qe8 23.Ne4 Kh8 24.Bh4 Bxh4 25.Qxh4 Rc7 26.Nd6 Qf8 27.Rc3 Nc8 28.
Ne4 Ne7 29.Nd6 Nc8 30.Ne4 Ne7 31.Nc5 a5 32.g4 Rd5 33.g5 Nf5 34.Qg4 hxg5 
35.Qxg5 Qd8 36.Qxd8+ Rxd8 37.Rcd3 Rd5 38.Ne4 Rcd7 39.Nc5 Rd8 40.Nb7 Ra8 
41.Kg2 Ra7 42.Nc5 Kg8 43.Nb3 a4 44.Nc1 Rad7 45.Ne2 c5 46.Kf3 cxd4 47.Ke4 
Rc7 48.b3 Rc2 49.R1d2 axb3 50.axb3 Rdc5 51.Nxd4 Nxd4 52.Rxd4 Rc1 53.Re2 
1/2-1/2

[Event "14th ECh U20 Girls"]
[Site "Tallinn EST"]
[Date "1997.09.20"]
[Round "11"]
[White "Pallova, Romana"]
[Black "Smajlovic, Lejla"]
[Result "1/2-1/2"]
[WhiteElo "2105"]
[BlackElo "2130"]
[EventDate "1997.09.10"]
[PlyCount "88"]

1.e4 e6 2.d4 d5 3.Nc3 Bb4 4.e5 c5 5.Bd2 Bxc3 6.Bxc3 Qc7 7.dxc5 Ne7 8.Qg4 
Ng6 9.h4 h5 10.Qg5 Qxc5 11.Rd1 Nc6 12.Nf3 Bd7 13.Bd3 Nce7 14.g4 hxg4 15.
Qxg4 a5 16.h5 Bb5 17.Rh3 Bxd3 18.Rxd3 Nf8 19.Qxg7 Rg8 20.Qf6 Nd7 21.Qf4 b5
22.Ng5 Nf5 23.Rd2 Qe7 24.Nh7 Rg1+ 25.Ke2 b4 26.Bd4 Rc8 27.Nf6+ Nxf6 28.
exf6 Qb7 29.b3 Qb5+ 30.Rhd3 Rh1 31.Qg4 Kd7 32.Be3 Rh8 33.Qc4 Qxc4 34.bxc4 
Nxe3 35.Rxe3 R1xh5 36.cxd5 e5 37.f4 Re8 38.fxe5 Rhxe5 39.Rd3 Kd6 40.c4 
bxc3 41.Rxe5 Rxe5+ 42.Kf3 Rxd5 43.Rxc3 Rf5+ 44.Kg4 Rd5 1/2-1/2